Zavedení Eura v České republice
Vznik a vývoj hospodárskej a menovej únie. Národný plán na zavedenie Eura v Českej republike. Scénar jednorázového prechodu na Euro. Plnenie maastrichtských kritérií v ČR.
Salvato in:
| Autore principale: | |
|---|---|
| Natura: | Capitolo di libro |
| Lingua: | ceco |
| Soggetti: | |
| Tags: |
Nessun Tag, puoi essere il primo ad aggiungerne!!
|
MARC
| LEADER | 00000nla$a2200000$$$4500 | ||
|---|---|---|---|
| 001 | 0103750 | ||
| 005 | 20240502072129.6 | ||
| 041 | 0 | |a cze | |
| 044 | |a SK | ||
| 245 | 1 | 0 | |a Zavedení Eura v České republice |c Soňa Španielová |
| 520 | |a Vznik a vývoj hospodárskej a menovej únie. Národný plán na zavedenie Eura v Českej republike. Scénar jednorázového prechodu na Euro. Plnenie maastrichtských kritérií v ČR. | ||
| 610 | 2 | 0 | |a kríza finančná |
| 610 | 2 | 0 | |a Európska menová únia |
| 610 | 2 | 0 | |a spolupráca hospodárska medzinárodná |
| 610 | 2 | 0 | |a eurozóna |
| 610 | 2 | 0 | |a Česko |
| 610 | 2 | 0 | |a euro |
| 610 | 2 | 0 | |a história |
| 100 | 1 | |a Španielová, Soňa | |